Arcipreste de Talavera o Corbacho
Gespeichert in:
| 1. Verfasser: | |
|---|---|
| Format: | Buch |
| Sprache: | Spanisch |
| Veröffentlicht: |
Madrid
Castalia
1970
|
| Schriftenreihe: | Clásicos Castalia
|
| Schlagworte: | |
| Tags: |
Tag hinzufügen
Keine Tags, Fügen Sie den ersten Tag hinzu!
|
MARC
| LEADER | 00000nam a2200000 a 4500 | ||
|---|---|---|---|
| 001 | UCT6645 | ||
| 003 | CL-VaPUC | ||
| 008 | 970113e19700000SP |||||||||||||||||spa|d | ||
| 082 | 0 | 4 | |a 863 |b MAR |2 21 |
| 100 | |a Martínez de Toledo, Alfonso, |c Arcipreste de Talavera |e autor |9 321552 | ||
| 245 | 1 | 0 | |a Arcipreste de Talavera o Corbacho |
| 300 | |a 304 p | ||
| 942 | |c BK | ||
| 945 | |d 19970113 00:00:00 |a rleighto | ||
| 260 | |a Madrid |b Castalia |c 1970 | ||
| 650 | 0 | |a Novelas españolas |9 265052 | |
| 583 | |a last modification |c 19970113 00:00:00 |k Rodrigo Vera | ||
| 490 | 0 | |a Clásicos Castalia | |
| 999 | |c 255327 |d 255325 | ||
| 952 | |0 0 |1 0 |4 0 |6 863_000000000000000_MAR_1970 |7 0 |8 A |9 277533 |a BIBEDU |b BIBEDU |d 2019-11-19 |i 3274292 |l 1 |o 863 MAR 1970 |p 3274292 |r 2023-07-13 |s 2023-07-13 |w 2019-11-19 |y BK |k LIT | ||